| 000 | 00435 a2200145 4500 | ||
|---|---|---|---|
| 005 | 20250711072853.0 | ||
| 020 | _a978-1-911629-46-7 | ||
| 082 | _a657. 3 IFR | ||
| 111 | _aIFRS | ||
| 245 | _aIFRS Standards: Issued at 1 January 2020: Reflecting Changes not yet required | ||
| 260 |
_aLondon, _bIASB, _c2020. |
||
| 300 |
_a2466p.: table. _bGlossary. _c25cm. |
||
| 856 |
_yAccess online book _fIFRS Standards _dwww.ifrs.org |
||
| 942 |
_2ddc _cBKS |
||
| 999 |
_c6654 _d6654 |
||